<?xml version="1.0" encoding="UTF-8"?>
<record
    xmlns:xsi="http://www.w3.org/2001/XMLSchema-instance"
    xsi:schemaLocation="http://www.loc.gov/MARC21/slim http://www.loc.gov/standards/marcxml/schema/MARC21slim.xsd"
    xmlns="http://www.loc.gov/MARC21/slim">

  <leader>01025nam a2200253 a 4500</leader>
  <controlfield tag="001">BRL_1931</controlfield>
  <controlfield tag="005">20190320211435.0</controlfield>
  <controlfield tag="008">190815s1941----mx-ag#####---#000-0#spa-#</controlfield>
  <datafield tag="041" ind1=" " ind2=" ">
    <subfield code="a">spa</subfield>
  </datafield>
  <datafield tag="044" ind1=" " ind2=" ">
    <subfield code="a">mx</subfield>
  </datafield>
  <datafield tag="050" ind1=" " ind2="4">
    <subfield code="a">GV1627</subfield>
    <subfield code="b">.F47 1941</subfield>
  </datafield>
  <datafield tag="100" ind1="1" ind2=" ">
    <subfield code="a">Fern&#xE1;ndez, Justino</subfield>
    <subfield code="d">1904-1972</subfield>
    <subfield code="9">6551</subfield>
  </datafield>
  <datafield tag="245" ind1="1" ind2="0">
    <subfield code="a">Danza de los Concheros en San Miguel de Allende</subfield>
    <subfield code="c">Estudio hist&#xF3;rico, costumbrista y coreogr&#xE1;fico de Justino Fern&#xE1;ndez ; recolecci&#xF3;n y estudio de textos musicales de Vicente T. Mendoza ; Con ocho estampas de Antonio Rodr&#xED;guez Luna</subfield>
  </datafield>
  <datafield tag="260" ind1=" " ind2=" ">
    <subfield code="a">M&#xE9;xico</subfield>
    <subfield code="b">El Colegio de M&#xE9;xico : Fondo de Cultura Econ&#xF3;mica</subfield>
    <subfield code="c">1941</subfield>
  </datafield>
  <datafield tag="300" ind1=" " ind2=" ">
    <subfield code="a">49 p.</subfield>
    <subfield code="b">il., estampas</subfield>
    <subfield code="c">40 cm.</subfield>
  </datafield>
  <datafield tag="440" ind1=" " ind2="0">
    <subfield code="a">Danzas populares mexicanas</subfield>
    <subfield code="9">28261</subfield>
  </datafield>
  <datafield tag="500" ind1=" " ind2=" ">
    <subfield code="a">Au2179</subfield>
  </datafield>
  <datafield tag="504" ind1=" " ind2=" ">
    <subfield code="a">Bibliograf&#xED;a: p. 42</subfield>
  </datafield>
  <datafield tag="650" ind1="1" ind2="4">
    <subfield code="a">Danzas populares y nacionales</subfield>
    <subfield code="z">San Miguel Allende (M&#xE9;xico)</subfield>
    <subfield code="9">28262</subfield>
  </datafield>
  <datafield tag="700" ind1="1" ind2=" ">
    <subfield code="a">Mendoza, Vicente T.</subfield>
    <subfield code="d">1894-1964</subfield>
    <subfield code="q">(Vicente Te&#xF3;dulo)</subfield>
    <subfield code="9">28263</subfield>
  </datafield>
  <datafield tag="700" ind1="1" ind2=" ">
    <subfield code="a">Rodr&#xED;guez Luna, Antonio</subfield>
    <subfield code="e">il.</subfield>
    <subfield code="9">28264</subfield>
  </datafield>
  <datafield tag="902" ind1=" " ind2=" ">
    <subfield code="a">GRL</subfield>
  </datafield>
  <datafield tag="942" ind1=" " ind2=" ">
    <subfield code="2">lcc</subfield>
    <subfield code="c">B</subfield>
  </datafield>
  <datafield tag="999" ind1=" " ind2=" ">
    <subfield code="c">10739</subfield>
    <subfield code="d">10739</subfield>
  </datafield>
  <datafield tag="952" ind1=" " ind2=" ">
    <subfield code="0">0</subfield>
    <subfield code="1">0</subfield>
    <subfield code="4">0</subfield>
    <subfield code="7">0</subfield>
    <subfield code="a">BRL</subfield>
    <subfield code="b">BRL</subfield>
    <subfield code="d">2015-08-19</subfield>
    <subfield code="i">Au2179</subfield>
    <subfield code="l">0</subfield>
    <subfield code="o">GV1627 .F47 1941 (Au2179)</subfield>
    <subfield code="p">GRL02140</subfield>
    <subfield code="r">2019-03-22 00:00:00</subfield>
    <subfield code="w">2019-03-22</subfield>
    <subfield code="y">B</subfield>
  </datafield>
</record>
